Nomeie um país pela sua antiga capital - Statistics

Estatísticas Gerais
  • Esse quiz foi jogado 179 vezes
  • A pontuação média é 8 de 12
Estatísticas das Respostas
Hint Resposta % Correto
Sydney Austrália
99%
Rio de Janeiro Brasil
99%
Salvador Brasil
99%
Nova Iorque Estados Unidos
97%
São Petersburgo Rússia
90%
Coimbra Portugal
78%
Lagos Nigéria
66%
Carachi Paquistão
42%
Almaty Cazaquistão
28%
Dar es Salaam Tanzânia
20%
Abidjã Costa do Marfim
19%
Rangum Mianmar
17%
Nenhum quiz correspondente encontrado
Distribuição das Pontuações
Porcentagem de Pessoas com Cada Pontuação
Percentil de Números Respondidos
Sua Pontuação Histórica
Você não jogou esse quiz